[Event "XXV ABIERTO INTERNACIONAL DE AJEDREZ AL"]
[Site "CAMBADOS"]
[Date "2009.08.01"]
[Round "1.1"]
[White "Rodriguez Lopez, Rafael"]
[Black "Outeiral Gonzalez, Ricardo"]
[Result "1-0"]
[WhiteElo "2304"]
[BlackElo "1753"]
[PlyCount "59"]
[EventDate "2009.08.01"]

1. Nf3 Nf6 2. c4 c5 3. g3 g6 4. Bg2 Bg7 5. d4 cxd4 6. Nxd4 O-O 7. Nc3 Nc6 8.
O-O Qb6 9. e3 Nxd4 10. exd4 d6 11. h3 Nh5 12. Nd5 Qxd4 13. g4 Ng3 14. Be3 Qxd1
15. Nxe7+ Kh8 16. Rfxd1 Bxb2 17. Nxc8 Raxc8 18. fxg3 Bxa1 19. Rxa1 b6 20. Bd4+
Kg8 21. Bd5 Rce8 22. Kf2 Re7 23. Bf6 Rc7 24. a4 Rfc8 25. g5 Rxc4 26. Bxc4 Rxc4
27. Rd1 Rc6 28. Re1 Kf8 29. Re7 a5 30. Rd7 1-0

[Event "XXV ABIERTO INTERNACIONAL DE AJEDREZ AL"]
[Site "CAMBADOS"]
[Date "2009.08.01"]
[Round "1.2"]
[White "Diz Suarez, Carlos"]
[Black "Paredes Cordo, Jacobo"]
[Result "0-1"]
[WhiteElo "1740"]
[BlackElo "2241"]
[PlyCount "56"]
[EventDate "2009.08.01"]

1. d4 f5 2. c4 Nf6 3. Nc3 d6 4. Nf3 g6 5. e3 Bg7 6. Bd3 O-O 7. O-O Nc6 8. e4
fxe4 9. Nxe4 Bg4 10. Be3 Nh5 11. Neg5 Nf4 12. Nxh7 Nh3+ 13. Kh1 Bxf3 14. gxf3
Kxh7 15. f4 Nxf4 16. Bxf4 Rxf4 17. Bxg6+ Kg8 18. Qh5 e5 19. Qh7+ Kf8 20. Rg1
Qf6 21. Rg3 Nxd4 22. Be4 Qh6 23. Qxh6 Bxh6 24. Bd5 Ke7 25. Rg6 Rf6 26. Rg2 c6
27. Be4 Rh8 28. b4 Bf4 0-1

[Event "XXV ABIERTO INTERNACIONAL DE AJEDREZ AL"]
[Site "CAMBADOS"]
[Date "2009.08.01"]
[Round "1.4"]
[White "Andias, Joao Pedro Menezes"]
[Black "Perez Negro, Jose M"]
[Result "1-0"]
[WhiteElo "1711"]
[BlackElo "2173"]
[PlyCount "129"]
[EventDate "2009.08.01"]

1. f4 g6 2. Nf3 Bg7 3. d3 c5 4. e4 Nc6 5. Nc3 d6 6. Be2 Rb8 7. a4 e6 8. Be3 Nd4
9. O-O Ne7 10. Qd2 b6 11. Bxd4 cxd4 12. Nb5 Nc6 13. b4 O-O 14. Na3 Bb7 15. b5
Ne7 16. Qb4 Qc7 17. Rab1 Qc5 18. Qxc5 dxc5 19. Nc4 f5 20. Ng5 Bc8 21. exf5 exf5
22. Bf3 h6 23. Rbe1 Bf6 24. Ne6 Bxe6 25. Rxe6 Rbd8 26. Rfe1 Nd5 27. Bxd5 Rxd5
28. Nd6 Kh7 29. Ne8 Bd8 30. Nc7 Rd7 31. Na6 Rb7 32. Re8 Kg7 33. R1e6 Rxe8 34.
Rxe8 Bf6 35. Nb8 Kf7 36. Rc8 g5 37. fxg5 Bxg5 38. Nc6 Ke6 39. Ra8 Be3+ 40. Kf1
Rg7 41. Nxa7 Rg4 42. g3 f4 43. Re8+ Kd7 44. Re4 Rg7 45. gxf4 Rg1+ 46. Ke2 Rg2+
47. Kf3 Rxc2 48. h4 Rd2 49. Nc6 Ra2 50. Ne5+ Kc7 51. Nc4 Rxa4 52. Re7+ Kd8 53.
Rb7 Rb4 54. Rxb6 Rb3 55. Ke4 Bc1 56. Rxh6 Rxb5 57. Rb6 Rb4 58. h5 Ra4 59. Rb5
Ra7 60. Rxc5 Re7+ 61. Re5 Rf7 62. f5 Bg5 63. Rd5+ Ke7 64. Ne5 Rh7 65. Rd7+ 1-0

[Event "XXV ABIERTO INTERNACIONAL DE AJEDREZ AL"]
[Site "CAMBADOS"]
[Date "2009.08.01"]
[Round "1.5"]
[White "Quinta, Daniel"]
[Black "Bedoya Ramos, Hector M"]
[Result "1-0"]
[WhiteElo "2088"]
[BlackElo "1688"]
[PlyCount "56"]
[EventDate "2009.08.01"]

1. e4 d5 2. exd5 Nf6 3. d4 Bg4 4. f3 Bf5 5. Bb5+ Nbd7 6. c4 a6 7. Bxd7+ Qxd7 8.
Nc3 e6 9. g4 Bg6 10. dxe6 Qxe6+ 11. Qe2 O-O-O 12. Qxe6+ fxe6 13. Be3 Bd3 14. b3
Ba3 15. Nge2 Rhe8 16. g5 Nh5 17. Rd1 Bc2 18. Rd2 Bf5 19. O-O Bh3 20. Rf2 h6 21.
Ne4 Bb4 22. Rd1 e5 23. d5 Rd7 24. Nc1 Rf8 25. Nd3 Bd6 26. c5 Be7 27. Nxe5 Rf5
28. Nxd7 Kxd7 1-0

[Event "XXV ABIERTO INTERNACIONAL DE AJEDREZ AL"]
[Site "CAMBADOS"]
[Date "2009.08.01"]
[Round "1.6"]
[White "Rey Aguino, Antonio J"]
[Black "Gonzalez Trigal, Jose Luis"]
[Result "0-1"]
[WhiteElo "1580"]
[BlackElo "1999"]
[PlyCount "101"]
[EventDate "2009.08.01"]

1. d4 d5 2. Nf3 Nf6 3. c4 c6 4. Nc3 e6 5. e3 Nbd7 6. cxd5 exd5 7. Bd3 Bd6 8.
O-O O-O 9. e4 dxe4 10. Nxe4 Nxe4 11. Bxe4 Nf6 12. Bg5 Be6 13. Qc2 h6 14. Bxf6
Qxf6 15. Rad1 Rad8 16. Kh1 Bb8 17. Rfe1 Rd6 18. Rd3 Rfd8 19. Ne5 Rxd4 20. Rxd4
Rxd4 21. Nf3 Rd8 22. h3 Qf4 23. g3 Qc7 24. Kg2 Qa5 25. b3 a6 26. Bh7+ Kh8 27.
Be4 Ba7 28. Rd1 Rxd1 29. Qxd1 Qc7 30. Ne5 Qb6 31. Qd2 Qd4 32. Qxd4 Bxd4 33. Nf3
Bc3 34. Ng1 g6 35. Ne2 Bb2 36. Nf4 Bc8 37. Nd3 Bd4 38. Nf4 Kg7 39. g4 Kf8 40.
Ne2 Bf6 41. f4 Ke7 42. Kf3 Kd6 43. Nc1 Kc5 44. Nd3+ Kd4 45. Nc1 Kc3 46. Nd3 Bd4
47. h4 f5 48. gxf5 gxf5 49. Bxc6 bxc6 50. Ne5 Bxe5 51. fxe5 0-1

[Event "XXV ABIERTO INTERNACIONAL DE AJEDREZ AL"]
[Site "CAMBADOS"]
[Date "2009.08.01"]
[Round "1.7"]
[White "Castejon Blanco, Carlos"]
[Black "Outeiro Padin, Heladio"]
[Result "0-1"]
[WhiteElo "1545"]
[BlackElo "1921"]
[PlyCount "69"]
[EventDate "2009.08.01"]

1. f4 d5 2. Nf3 Nf6 3. e3 g6 4. Bd3 Nc6 5. O-O Bg4 6. Be2 Bg7 7. d4 O-O 8. Ne5
Bxe2 9. Qxe2 a6 10. c3 Ne4 11. Nd2 Nxd2 12. Bxd2 Qd6 13. Rf3 f6 14. Nxc6 bxc6
15. Raf1 e5 16. f5 exd4 17. cxd4 Rfe8 18. fxg6 hxg6 19. Qd3 Re4 20. Rf4 f5 21.
Qe2 c5 22. Bc3 cxd4 23. Rxe4 dxe4 24. Qc4+ Kh7 25. Bxd4 Bxd4 26. Qf7+ Bg7 27.
h4 Rf8 28. Qb3 Qd3 29. Qa3 Qxa3 30. bxa3 Rd8 31. a4 Rd2 32. Rf2 Rd1+ 33. Kh2
Re1 34. Rc2 Kh6 35. Rxc7 0-1

[Event "XXV ABIERTO INTERNACIONAL DE A"]
[Site "CAMBADOS"]
[Date "2009.08.02"]
[Round "2.1"]
[White "Martinez Fernandez, Raul"]
[Black "Rodriguez Lopez, Rafael"]
[Result "0-1"]
[WhiteElo "1788"]
[BlackElo "2304"]
[PlyCount "68"]
[EventDate "2009.08.01"]

1. e4 c6 2. Nc3 d5 3. Qf3 Nf6 4. e5 Nfd7 5. Qg3 Nb6 6. Nf3 c5 7. d4 c4 8. Be2
Bf5 9. Bd1 Nc6 10. Be3 e6 11. Nh4 Bg6 12. O-O Be7 13. Nxg6 hxg6 14. Ne2 Na4 15.
Rb1 b5 16. c3 Qa5 17. Bg5 Bxg5 18. Qxg5 b4 19. Bxa4 Qxa4 20. Ra1 Qc2 21. Qe3
Rb8 22. Rab1 O-O 23. Rfc1 Qa4 24. cxb4 Rxb4 25. Nc3 Qa5 26. Qd2 Rfb8 27. Ne2
Qxa2 28. Nc3 Rxb2 29. Nxa2 Rxd2 30. Rxb8+ Nxb8 31. Rb1 Nc6 32. Nc3 Nxd4 33.
Rb8+ Kh7 34. g3 Nf3+ 0-1

[Event "XXV ABIERTO INTERNACIONAL DE A"]
[Site "CAMBADOS"]
[Date "2009.08.02"]
[Round "2.3"]
[White "Sanchez Quiroga, Miguel A"]
[Black "Prado Garcia, Alejandro"]
[Result "1-0"]
[WhiteElo "2191"]
[BlackElo "1886"]
[PlyCount "95"]
[EventDate "2009.08.01"]

1. e4 c5 2. Nf3 Nc6 3. d4 cxd4 4. Nxd4 d6 5. Nc3 Nf6 6. Bg5 e6 7. Qd2 a6 8.
O-O-O Be7 9. f3 Nxd4 10. Qxd4 b5 11. h4 Bb7 12. Be3 e5 13. Qd2 Nh5 14. Qf2 b4
15. Bb6 Qd7 16. Nd5 Bxd5 17. Rxd5 Nf4 18. Rd2 Qc6 19. g3 Ne6 20. Be3 O-O 21. f4
Rab8 22. f5 Nc5 23. Bxc5 dxc5 24. Bc4 Qxe4 25. Bd5 Qg4 26. Re1 Bf6 27. Re4 Qh5
28. Qxc5 Qxf5 29. g4 Qf1+ 30. Rd1 Qb5 31. Qxb5 Rxb5 32. g5 Rd8 33. Bc4 Rxd1+
34. Kxd1 Rb6 35. gxf6 gxf6 36. h5 h6 37. Ke2 a5 38. Bb3 Rd6 39. Rc4 Rd7 40. Rc5
Ra7 41. Ke3 a4 42. Bd5 a3 43. bxa3 bxa3 44. Ke4 Ra4+ 45. Rc4 Ra7 46. Rc8+ Kg7
47. Ra8 Rc7 48. c4 1-0

[Event "XXV ABIERTO INTERNACIONAL DE A"]
[Site "CAMBADOS"]
[Date "2009.08.02"]
[Round "2.4"]
[White "Gonzalez Trigal, Jose Luis"]
[Black "Andias, Joao Pedro Menezes"]
[Result "1/2-1/2"]
[WhiteElo "1999"]
[BlackElo "1711"]
[PlyCount "79"]
[EventDate "2009.08.01"]

1. d4 f5 2. g3 Nf6 3. Bg2 e6 4. Nf3 c6 5. O-O d5 6. c4 Bd6 7. b3 Qe7 8. Nbd2
O-O 9. Ne5 Nbd7 10. Ndf3 Ne4 11. Bb2 Ng5 12. Ne1 Nf7 13. N1d3 g5 14. Qc1 Qf6
15. f3 f4 16. Nxd7 Bxd7 17. g4 Qh6 18. Ba3 Qg7 19. Bxd6 Qxd4+ 20. e3 Qxd3 21.
Bxf8 Rxf8 22. exf4 Qd4+ 23. Kh1 gxf4 24. cxd5 exd5 25. Qc2 Re8 26. Rad1 Qe3 27.
Qd2 Kg7 28. Qb2+ Kg6 29. Qb1+ Kg7 30. Rde1 Qd4 31. Rxe8 Bxe8 32. Re1 Ne5 33. h3
Bg6 34. Qa1 Qxa1 35. Rxa1 d4 36. Kg1 Kf6 37. Kf2 Ke6 38. Ke2 Kd5 39. Kd2 b5 40.
h4 1/2-1/2

[Event "XXV ABIERTO INTERNACIONAL DE A"]
[Site "CAMBADOS"]
[Date "2009.08.02"]
[Round "2.7"]
[White "Alonso Gonzalez, Fernando"]
[Black "Fernandez Rey, Jorge"]
[Result "0-1"]
[WhiteElo "1814"]
[BlackElo "1764"]
[PlyCount "60"]
[EventDate "2009.08.01"]

1. e4 c5 2. Nf3 d6 3. d4 cxd4 4. Nxd4 Nf6 5. Nc3 a6 6. Be2 Nc6 7. Be3 e5 8. Nb3
Be6 9. O-O Be7 10. a4 O-O 11. Nd2 Rc8 12. Na2 Qd7 13. c3 Ng4 14. Bb6 Bd8 15.
Bxd8 Rfxd8 16. Nc4 Bxc4 17. Bxc4 Nf6 18. Bd3 d5 19. exd5 Nxd5 20. Qc2 g6 21.
Be4 Nf4 22. Qd1 Qe6 23. Qf3 Rd2 24. Bxc6 bxc6 25. Nb4 a5 26. Na6 Qc4 27. Qe3
Re2 28. Qb6 Qe4 29. f3 Rxg2+ 30. Kh1 Qe2 0-1

[Event "XXV ABIERTO INTERNACIONAL DE A"]
[Site "CAMBADOS"]
[Date "2009.08.02"]
[Round "2.9"]
[White "Maneiro Blanco, Jose"]
[Black "Fernandez Cardoso, Alexey"]
[Result "0-1"]
[WhiteElo "1717"]
[BlackElo "2419"]
[PlyCount "80"]
[EventDate "2009.08.01"]

1. d4 d5 2. c4 c6 3. Nc3 Nf6 4. Nf3 e6 5. cxd5 exd5 6. Qc2 Be7 7. Bg5 O-O 8. e3
Nbd7 9. Bd3 Re8 10. O-O Nf8 11. a3 g6 12. b4 Ne6 13. Bh4 a6 14. Rab1 Ng7 15.
Na4 Nf5 16. Bg5 h6 17. Bf4 Bf8 18. Nc5 Qe7 19. Ne5 Nh5 20. Bg3 Bg7 21. Nf3
Nhxg3 22. hxg3 h5 23. a4 h4 24. gxh4 Nxh4 25. Nxh4 Qxh4 26. b5 axb5 27. axb5
Bf6 28. Rfe1 Kg7 29. g3 Qh6 30. f4 Rh8 31. Qg2 Bg4 32. Rb2 Rae8 33. Kf2 b6 34.
Nb3 c5 35. Be2 Qh5 36. Rbb1 Bxe2 37. Rxe2 cxd4 38. e4 dxe4 39. Rxe4 Qxb5 40.
Nxd4 Qxb1 0-1

[Event "XXV ABIERTO INTERNACIONAL DE A"]
[Site "CAMBADOS"]
[Date "2009.08.02"]
[Round "2.10"]
[White "Arellano Pardo, Martin"]
[Black "Guerra Mendez, Jose A"]
[Result "0-1"]
[WhiteElo "1687"]
[BlackElo "2408"]
[PlyCount "84"]
[EventDate "2009.08.01"]

1. e4 c5 2. d4 cxd4 3. c3 dxc3 4. Nxc3 Nc6 5. Nf3 e6 6. Bc4 a6 7. O-O Nge7 8.
Qe2 Ng6 9. Rd1 Be7 10. Be3 b5 11. Bb3 O-O 12. Rac1 Na5 13. Nd2 d6 14. f3 Bd7
15. Qf2 Qb8 16. Ne2 Qb7 17. Bb6 Nc6 18. Be3 Rac8 19. Nd4 Nxd4 20. Bxd4 Rxc1 21.
Rxc1 Rc8 22. Rxc8+ Qxc8 23. Nf1 Nf4 24. Qd2 Qc1 25. Be3 Qxd2 26. Bxd2 Nd3 27.
Bc3 Bf6 28. Ne3 Nxb2 29. Bxf6 gxf6 30. Bc2 b4 31. Kf2 Bb5 32. Ke1 Nc4 33. Nxc4
Bxc4 34. Bb3 d5 35. exd5 Bxd5 36. Kd2 Kf8 37. Kd3 Ke7 38. Kd4 Kd6 39. Bxd5 exd5
40. g4 a5 41. f4 a4 42. h4 a3 0-1

[Event "XXV ABIERTO INTERNACIONAL DE A"]
[Site "CAMBADOS"]
[Date "2009.08.03"]
[Round "3.1"]
[White "Rodriguez Lopez, Rafael"]
[Black "Bello Filgueira, Joaquin"]
[Result "1-0"]
[WhiteElo "2304"]
[BlackElo "1935"]
[PlyCount "147"]
[EventDate "2009.08.01"]

1. Nf3 Nf6 2. c4 e6 3. g3 b6 4. Bg2 Bb7 5. d4 d5 6. cxd5 exd5 7. O-O Be7 8. Nc3
O-O 9. Bf4 a6 10. Rc1 Nbd7 11. Qb3 c5 12. dxc5 Nxc5 13. Qc2 Rc8 14. Rfd1 Nce4
15. Qd3 Nxc3 16. Rxc3 Rxc3 17. Qxc3 Ne4 18. Qd3 Bc5 19. Be3 Qe7 20. Bd4 Re8 21.
e3 h6 22. Nd2 Bxd4 23. Qxd4 Qc5 24. Qxc5 bxc5 25. Nxe4 dxe4 26. Kf1 Kf8 27. Rc1
Re5 28. Ke1 a5 29. Bf1 Bc6 30. Bc4 f6 31. Rc3 a4 32. Ra3 Re8 33. Kd2 Ke7 34. b3
Ra8 35. bxa4 Rxa4 36. Rxa4 Bxa4 37. Bd5 f5 38. Kc3 Kd6 39. Bc4 g5 40. Kb2 Ke5
41. Bb3 Bc6 42. Kc3 Kd6 43. a4 Bb7 44. a5 Bc6 45. Bg8 Bb5 46. Bc4 Bc6 47. Kb3
Bd7 48. Ka3 Kc7 49. h4 gxh4 50. gxh4 Kd6 51. Kb3 Kc6 52. Kc3 Kd6 53. Bf1 Kc6
54. Ba6 Be6 55. Kb2 Kc7 56. Bb5 Bd5 57. Ka3 Bb7 58. Ka4 Bd5 59. Be8 Bc4 60. Bg6
Be6 61. Kb5 Kd6 62. Be8 Bd5 63. a6 c4 64. Kb4 Ke5 65. Bb5 c3 66. Kxc3 f4 67.
Bd7 fxe3 68. fxe3 Kd6 69. Bc8 Kc7 70. Bb7 Bxb7 71. axb7 Kxb7 72. Kd4 Kc7 73.
Kxe4 Kd6 74. Kf5 1-0

[Event "XXV ABIERTO INTERNACIONAL DE A"]
[Site "CAMBADOS"]
[Date "2009.08.03"]
[Round "3.2"]
[White "Outeiro Padin, Heladio"]
[Black "Paredes Cordo, Jacobo"]
[Result "0-1"]
[WhiteElo "1921"]
[BlackElo "2241"]
[PlyCount "76"]
[EventDate "2009.08.01"]

1. d4 f5 2. c4 Nf6 3. Nc3 d6 4. Bg5 Nbd7 5. f3 g6 6. e4 fxe4 7. fxe4 Bg7 8. Nf3
c6 9. Be2 O-O 10. O-O e5 11. dxe5 dxe5 12. Be3 Ng4 13. Bf2 Nxf2 14. Rxf2 Qb6
15. Qd2 Nc5 16. Rd1 Bg4 17. b3 Rf4 18. Qe3 Nxe4 19. Qxb6 axb6 20. Nxe4 Rxe4 21.
Rd2 Bh6 22. Bd3 Bxd2 23. Bxe4 Be3 24. Nxe5 Be6 25. a4 Rd8 26. Bd3 Rf8 27. Nf3
Bg4 28. Be2 Bxf3 29. Bxf3 Rd8 30. Kf1 Bxf2 31. Kxf2 Rd3 32. b4 Ra3 33. b5 Rxa4
34. bxc6 bxc6 35. Bxc6 Ra3 36. h3 Kf7 37. Bf3 Kf6 38. Kg3 Rc3 0-1

[Event "XXV ABIERTO INTERNACIONAL DE A"]
[Site "CAMBADOS"]
[Date "2009.08.03"]
[Round "3.3"]
[White "Fernandez Rey, Jorge"]
[Black "Sanchez Quiroga, Miguel A"]
[Result "0-1"]
[WhiteElo "1764"]
[BlackElo "2191"]
[PlyCount "58"]
[EventDate "2009.08.01"]

1. e4 c5 2. Nf3 e6 3. d4 cxd4 4. Nxd4 a6 5. Bd3 Qb6 6. Nb3 Qc7 7. O-O Nf6 8. f4
d6 9. Nc3 b5 10. a3 Bb7 11. Qe2 Nbd7 12. Be3 Be7 13. Rae1 Rc8 14. Bd4 e5 15.
Be3 Nb6 16. Na5 Ba8 17. Qf2 Nbd7 18. Nb3 Ng4 19. Qg3 Nxe3 20. Rxe3 O-O 21. Nd5
Bxd5 22. exd5 Nf6 23. fxe5 dxe5 24. Qh4 Qb6 25. Rff3 e4 26. Bxe4 Nxe4 27. Qxe4
Bg5 28. d6 Rce8 29. Qf5 Rxe3 0-1

[Event "XXV ABIERTO INTERNACIONAL DE A"]
[Site "CAMBADOS"]
[Date "2009.08.03"]
[Round "3.4"]
[White "Villar Perez, Samuel"]
[Black "Gomez Garrido, Camilo"]
[Result "0-1"]
[WhiteElo "2075"]
[BlackElo "2461"]
[PlyCount "50"]
[EventDate "2009.08.01"]

1. e4 c5 2. Nf3 d6 3. d4 cxd4 4. Qxd4 Nc6 5. Bb5 Bd7 6. Bxc6 bxc6 7. c4 c5 8.
Qe3 Nf6 9. e5 Ng4 10. Qe4 Nxe5 11. Nxe5 dxe5 12. Qxe5 e6 13. O-O Qb8 14. Qg5
Bd6 15. Qxg7 Bxh2+ 16. Kh1 Be5 17. Qg5 h6 18. Qh4 Bxb2 19. Bf4 Qd8 20. Qg3 Bxa1
21. Nd2 Bd4 22. Ne4 Bc6 23. Nd6+ Ke7 24. Nxf7 Qg8 25. Nxh8 Qxg3 0-1

[Event "XXV ABIERTO INTERNACIONAL DE A"]
[Site "CAMBADOS"]
[Date "2009.08.03"]
[Round "3.5"]
[White "Fernandez Cardoso, Alexey"]
[Black "De Dios Alija, Rafael"]
[Result "1-0"]
[WhiteElo "2419"]
[BlackElo "2037"]
[PlyCount "59"]
[EventDate "2009.08.01"]

1. e4 d5 2. exd5 Nf6 3. d4 Bg4 4. f3 Bf5 5. Bb5+ Nbd7 6. c4 e6 7. dxe6 Bxe6 8.
c5 c6 9. Ba4 Be7 10. Ne2 Nd5 11. O-O O-O 12. Nbc3 N7f6 13. Bc2 Re8 14. a3 a5
15. Ne4 Qd7 16. Qd3 g6 17. Bd2 b5 18. cxb6 Nxb6 19. Nc5 Bxc5 20. dxc5 Nc4 21.
Bc3 Qxd3 22. Bxd3 Nd7 23. Nf4 Ne3 24. Rfe1 Nd5 25. Nxd5 Bxd5 26. b4 axb4 27.
Rxe8+ Rxe8 28. axb4 Re3 29. Ra8+ Nf8 30. Bd2 1-0

[Event "XXV ABIERTO INTERNACIONAL DE A"]
[Site "CAMBADOS"]
[Date "2009.08.03"]
[Round "3.6"]
[White "Guerra Mendez, Jose A"]
[Black "Gonzalez Trigal, Jose Luis"]
[Result "1-0"]
[WhiteElo "2408"]
[BlackElo "1999"]
[PlyCount "89"]
[EventDate "2009.08.01"]

1. e4 e5 2. Nf3 Nc6 3. Bb5 a6 4. Ba4 Nf6 5. O-O Be7 6. Re1 b5 7. Bb3 d6 8. c3
O-O 9. h3 Bb7 10. d3 Re8 11. Nbd2 h6 12. Nf1 Bf8 13. Ng3 Nb8 14. Bd2 Nbd7 15.
Qe2 d5 16. Rad1 c5 17. exd5 Bxd5 18. Ne4 Bxb3 19. axb3 Nxe4 20. dxe4 Qe7 21. c4
Reb8 22. Bc3 b4 23. Bd2 Rb6 24. Nh2 a5 25. Ng4 a4 26. bxa4 Rxa4 27. Ne3 Rg6 28.
Nf5 Qe6 29. b3 Ra3 30. Qd3 Nb8 31. Bc1 Ra7 32. f4 Rd7 33. Qf3 exf4 34. Nh4 Rg3
35. Qxf4 Bd6 36. e5 Bxe5 37. Rxe5 Rxd1+ 38. Kh2 Qd7 39. Qxg3 Rxc1 40. Rd5 Qe8
41. Nf5 g6 42. Nxh6+ Kg7 43. Nf5+ Kg8 44. Qg5 Nc6 45. Nh6+ 1-0

[Event "XXV ABIERTO INTERNACIONAL DE A"]
[Site "CAMBADOS"]
[Date "2009.08.03"]
[Round "3.7"]
[White "Gomez Ledo, Roberto Carlos"]
[Black "Montero Garcia, Fco Javier"]
[Result "1-0"]
[WhiteElo "2404"]
[BlackElo "1912"]
[PlyCount "54"]
[EventDate "2009.08.01"]

1. d4 Nf6 2. c4 g6 3. Nf3 c5 4. d5 b5 5. cxb5 a6 6. b6 d6 7. Nc3 Nbd7 8. a4
Qxb6 9. a5 Qc7 10. e4 Bg7 11. h3 O-O 12. Bc4 Rb8 13. O-O Rb4 14. Qd3 Ne5 15.
Nxe5 dxe5 16. b3 e6 17. dxe6 Bxe6 18. Bxe6 fxe6 19. Qxa6 Kh8 20. Qxe6 Re8 21.
Qa6 Rxb3 22. Bg5 Rf8 23. Bxf6 Rxf6 24. Qc4 Rb4 25. Qa2 Qb8 26. a6 Rf8 27. a7
Qb7 1-0

[Event "XXV ABIERTO INTERNACIONAL DE A"]
[Site "CAMBADOS"]
[Date "2009.08.03"]
[Round "3.8"]
[White "Permuy Lorenzo, Carlos Javier"]
[Black "Banobre Gonzalez, Francisco"]
[Result "1-0"]
[WhiteElo "2297"]
[BlackElo "1888"]
[PlyCount "51"]
[EventDate "2009.08.01"]

1. e4 c5 2. Nf3 Nc6 3. Bb5 g6 4. O-O Bg7 5. Re1 Nf6 6. c3 O-O 7. h3 a6 8. Bf1
d5 9. e5 Ne8 10. d3 Nc7 11. Bf4 Ne6 12. Bg3 d4 13. c4 b5 14. Nbd2 f5 15. exf6
exf6 16. cxb5 axb5 17. Qb3 Ne5 18. Nxe5 fxe5 19. Qxb5 Bd7 20. Qc4 Kh8 21. Nf3
Rxf3 22. gxf3 Nf4 23. Bxf4 exf4 24. Qxc5 Bf6 25. Qd6 Ra5 26. Rec1 1-0

[Event "XXV ABIERTO INTERNACIONAL DE A"]
[Site "CAMBADOS"]
[Date "2009.08.03"]
[Round "3.9"]
[White "Villar Nieves, Antonio"]
[Black "Fernandez Vazquez, Jorge"]
[Result "1-0"]
[WhiteElo "2200"]
[BlackElo "1850"]
[PlyCount "61"]
[EventDate "2009.08.01"]

1. e4 c6 2. d4 d5 3. Nc3 dxe4 4. Nxe4 Bf5 5. Ng3 Bg6 6. h4 h6 7. Nf3 Nf6 8. h5
Bh7 9. Bd3 Bxd3 10. Qxd3 e6 11. Bf4 Bd6 12. Bxd6 Qxd6 13. O-O-O O-O 14. Kb1 c5
15. Qa3 Rd8 16. Qxc5 Qxc5 17. dxc5 Nc6 18. c3 a5 19. Kc2 Ng4 20. Ne4 f5 21.
Rxd8+ Nxd8 22. Nd6 Nxf2 23. Re1 b6 24. cxb6 Rb8 25. b7 Ng4 26. Nd4 Nxb7 27. Nc6
Nxd6 28. Nxb8 Ne4 29. Nc6 a4 30. b4 Ngf6 31. b5 1-0

[Event "XXV ABIERTO INTERNACIONAL DE A"]
[Site "CAMBADOS"]
[Date "2009.08.03"]
[Round "3.10"]
[White "Pena Torres, Jose Carlos"]
[Black "Farto Orozco, David"]
[Result "1-0"]
[WhiteElo "2111"]
[BlackElo "1811"]
[PlyCount "53"]
[EventDate "2009.08.01"]

1. e4 e6 2. d4 d5 3. Nd2 Nf6 4. e5 Nfd7 5. Bd3 c5 6. c3 Nc6 7. Ne2 Qb6 8. Nf3
Be7 9. O-O O-O 10. Qc2 h6 11. Qd1 f5 12. exf6 Nxf6 13. Nf4 Bd6 14. Ng6 Re8 15.
dxc5 Bxc5 16. Nfe5 Nxe5 17. Nxe5 Bd6 18. Qe2 Qc7 19. f4 Nd7 20. Qh5 Re7 21. Ng6
Rf7 22. Be3 b6 23. Ne5 Nc5 24. Nxf7 Nxd3 25. Nxh6+ Kf8 26. Ng4 Nxb2 27. Qh8+
1-0

[Event "XXV ABIERTO INTERNACIONAL DE A"]
[Site "CAMBADOS"]
[Date "2009.08.04"]
[Round "4.1"]
[White "Paredes Cordo, Jacobo"]
[Black "Rodriguez Lopez, Rafael"]
[Result "1-0"]
[WhiteElo "2241"]
[BlackElo "2304"]
[PlyCount "93"]
[EventDate "2009.08.01"]

1. e4 c6 2. d4 d5 3. e5 c5 4. dxc5 e6 5. Be3 Nh6 6. Nf3 Nf5 7. Bg5 Qa5+ 8. c3
Qxc5 9. Be2 h6 10. Bc1 Be7 11. O-O Nd7 12. Re1 Qc7 13. Bf1 Nh4 14. Nxh4 Bxh4
15. Qg4 Bg5 16. Bxg5 hxg5 17. Qxg5 g6 18. Qe3 Rh5 19. f4 Nb6 20. Na3 Bd7 21.
Rac1 Nc4 22. Nxc4 dxc4 23. Be2 Rh8 24. Bf3 Bc6 25. Bxc6+ Qxc6 26. Rcd1 Qc7 27.
Rd6 Rd8 28. Qxa7 Rxd6 29. exd6 Qxd6 30. Qa8+ Qd8 31. Qxd8+ Kxd8 32. Re4 b5 33.
Re5 Rh5 34. Rxh5 gxh5 35. Kf2 Ke7 36. Ke3 Kd6 37. Kd4 f6 38. g3 Kc6 39. h3 f5
40. Ke5 Kd7 41. b3 h4 42. gxh4 b4 43. Kd4 e5+ 44. Kxc4 exf4 45. cxb4 f3 46. Kd3
f4 47. Kd2 1-0

[Event "XXV ABIERTO INTERNACIONAL DE A"]
[Site "CAMBADOS"]
[Date "2009.08.04"]
[Round "4.2"]
[White "Sanchez Quiroga, Miguel A"]
[Black "Fernandez Cardoso, Alexey"]
[Result "0-1"]
[WhiteElo "2191"]
[BlackElo "2419"]
[PlyCount "50"]
[EventDate "2009.08.01"]

1. e4 c5 2. Nf3 Nc6 3. Bb5 e6 4. Bxc6 bxc6 5. d3 Ne7 6. O-O Ng6 7. Ng5 e5 8.
Qh5 Qe7 9. Nh3 h6 10. f4 exf4 11. Nxf4 Ne5 12. Qd1 d6 13. h3 g6 14. Nc3 Bg7 15.
Bd2 O-O 16. b3 Kh7 17. Qe1 f5 18. exf5 Bxf5 19. g4 Bd7 20. Qg3 Rf7 21. Nfe2
Raf8 22. Rxf7 Qxf7 23. Kg2 g5 24. Ng1 Ng6 25. Kh1 Qf2 0-1

[Event "XXV ABIERTO INTERNACIONAL DE A"]
[Site "CAMBADOS"]
[Date "2009.08.04"]
[Round "4.3"]
[White "Gomez Garrido, Camilo"]
[Black "Permuy Lorenzo, Carlos Javier"]
[Result "1-0"]
[WhiteElo "2461"]
[BlackElo "2297"]
[PlyCount "79"]
[EventDate "2009.08.01"]

1. e4 c5 2. Nf3 Nc6 3. d4 cxd4 4. Nxd4 g6 5. c4 Nf6 6. Nc3 Nxd4 7. Qxd4 d6 8.
Bg5 Bg7 9. f3 O-O 10. Qd2 Be6 11. Rc1 Qa5 12. Be2 Rfc8 13. b3 a6 14. Nd5 Qxd2+
15. Kxd2 Nxd5 16. exd5 f6 17. Bf4 Bd7 18. Bd3 f5 19. h4 Bf6 20. Bg5 Kg7 21.
Rce1 h6 22. Rxe7+ Bxe7 23. Bxe7 Re8 24. Bxd6 h5 25. f4 Kf7 26. Be5 Rac8 27. Rc1
Red8 28. Ke3 Be8 29. Kd4 Bc6 30. Rc2 Be8 31. c5 Bb5 32. Bc4 Rd7 33. a4 Bxc4 34.
bxc4 Rc6 35. Rb2 Rc8 36. Rb6 Rc6 37. Rxb7 Rxb7 38. dxc6 Re7 39. c7 Re8 40. Kd5
1-0

[Event "XXV ABIERTO INTERNACIONAL DE A"]
[Site "CAMBADOS"]
[Date "2009.08.04"]
[Round "4.4"]
[White "Villar Nieves, Antonio"]
[Black "Guerra Mendez, Jose A"]
[Result "0-1"]
[WhiteElo "2200"]
[BlackElo "2408"]
[PlyCount "36"]
[EventDate "2009.08.01"]

1. d4 Nf6 2. Bg5 Ne4 3. Bf4 c5 4. f3 Qa5+ 5. c3 Nf6 6. Nd2 cxd4 7. Nb3 Qd8 8.
Qxd4 Nc6 9. Qd2 e5 10. Bg3 d5 11. e3 Qb6 12. Bd3 a5 13. Ne2 a4 14. Nbc1 Bc5 15.
Bf2 e4 16. Bc2 exf3 17. gxf3 Ne5 18. Ng1 Nc4 0-1

[Event "XXV ABIERTO INTERNACIONAL DE A"]
[Site "CAMBADOS"]
[Date "2009.08.04"]
[Round "4.5"]
[White "Pena Torres, Jose Carlos"]
[Black "Gomez Ledo, Roberto Carlos"]
[Result "1/2-1/2"]
[WhiteElo "2111"]
[BlackElo "2404"]
[PlyCount "93"]
[EventDate "2009.08.01"]

1. e4 e5 2. Nf3 Nc6 3. Bb5 a6 4. Ba4 Nf6 5. O-O Be7 6. Bxc6 dxc6 7. Nxe5 Nxe4
8. Re1 Nd6 9. d3 O-O 10. Nd2 Re8 11. h3 Bf5 12. Nf1 Bf6 13. Bf4 Nb5 14. Qd2 Nd4
15. Ng4 Bxg4 16. Rxe8+ Qxe8 17. hxg4 Qe6 18. Ne3 Be5 19. Bxe5 Qxe5 20. c3 Ne6
21. Nf5 g6 22. Ng3 Qf4 23. Qe2 Rd8 24. Ne4 Ng5 25. Nxg5 Qxg5 26. Re1 Qd5 27.
Qe7 Rc8 28. Qb4 c5 29. Qe4 Qxe4 30. Rxe4 Rd8 31. Re7 Rxd3 32. Rxc7 Rd1+ 33. Kh2
b5 34. Rxc5 Rd2 35. Rc8+ Kg7 36. Ra8 Rxf2 37. Rxa6 Rxb2 38. a4 b4 39. cxb4 Rxb4
40. Kh3 Rb3+ 41. g3 Ra3 42. g5 Rc3 43. Ra7 Rc5 44. Kh4 Rc4+ 45. Kh3 Rc5 46. Kh4
Rc4+ 47. Kh3 1/2-1/2

[Event "XXV ABIERTO INTERNACIONAL DE A"]
[Site "CAMBADOS"]
[Date "2009.08.04"]
[Round "4.6"]
[White "Bello Filgueira, Joaquin"]
[Black "Petkov, Vladimir"]
[Result "0-1"]
[WhiteElo "1935"]
[BlackElo "2429"]
[PlyCount "56"]
[EventDate "2009.08.01"]

1. e4 c5 2. Nf3 e6 3. d4 cxd4 4. Nxd4 a6 5. Bd3 e5 6. Nf3 Nc6 7. O-O Bc5 8. Qe2
d6 9. Be3 Bg4 10. c3 Qf6 11. Nbd2 Nge7 12. b4 Bxe3 13. Qxe3 O-O 14. b5 axb5 15.
Bxb5 Ng6 16. g3 Rfc8 17. a4 Nd8 18. Rfc1 Ne6 19. Bd7 Rc7 20. Bxe6 Bxe6 21. Qg5
d5 22. h4 h6 23. Qe3 dxe4 24. Nxe4 Qf5 25. Nd6 Qh3 26. c4 Rd8 27. c5 Bd5 28.
Rd1 Nf4 0-1